El mundo es ancho y ajeno

Збережено в:
Бібліографічні деталі
Автор: Alegría Bazán, Ciro (Автор)
Формат: Книга
Мова:Іспанська
Опубліковано: Santiago Ercilla 1949
Редагування:10a. ed
Предмети:
Теги: Додати тег
Немає тегів, Будьте першим, хто поставить тег для цього запису!

MARC

LEADER 00000nam a2200000 a 4500
001 UCQ2361
003 CL-VaPUC
008 980724e19490000CL |||||||||||||||||spa|d
082 0 4 |a Pe863  |b ALE  |2 21 
100 0 |a Alegría Bazán, Ciro  |e author  |9 416232 
245 1 3 |a El mundo es ancho y ajeno 
250 |a 10a. ed 
300 |a 585 p 
942 |c BK 
945 |d 19980724 00:00:00  |a lriquelm 
260 |a Santiago  |b Ercilla  |c 1949 
650 7 |a NOVELAS PERUANAS  |2 CL-VaPUC  |9 416233 
650 0 |a Literatura peruana  |9 257452 
583 |a last modification  |c 20190712 03:46:20  |k Rodrigo Vera 
999 |c 273192  |d 273190 
952 |0 0  |1 0  |4 0  |6 PE_863_000000000000000_ALE_1949  |7 0  |8 A  |9 308565  |a BIBEDU  |b BIBEDU  |d 2019-11-20  |i 1447491  |o Pe863 ALE 1949  |p 1447491  |r 2019-11-20  |w 2019-11-20  |y BK  |k LIT